Estadísticas para 30 ciudades más pobladas de España

Haz click aquí para intentar la prueba.

Estadísticas generales

  • Esta prueba ha sido intentada 1.299 veces
  • La puntuación promedio es 20 de 30

Estadísticas de respuestas

HintRespuesta% Correcto
3.207.247Madrid
100%
1.611.822Barcelona
99%
700.169Sevilla
98%
792.303Valencia
98%
349.356Bilbao
93%
682.004Zaragoza
92%
568.479Malaga
91%
335.052Alicante
85%
237.818Granada
85%
438.246Murcia
84%
328.704Cordoba
82%
245.923La Coruña
81%
309.714Valladolid
80%
296.479Vigo
76%
225.089Oviedo
71%
275.274Gijón
70%
398.162Palma de Mallorca
70%
383.050Las Palmas de Gran Canaria
68%
241.386Vitoria
63%
254.056Hospitalet de Llobregat
60%
230.224Elche
52%
206.593Santa Cruz de Tenerife
52%
219.708Badalona
40%
217.641Cartagena
39%
211.670Jerez de la Frontera
38%
206.451Móstoles
38%
207.649Sabadell
33%
204.823Alcalá de Henares
32%
197.520Fuenlabrada
27%
215.055Tarrasa
25%

Distribución de puntuación

Porcentaje por número respondido

Porcentaje de gente con cada puntuación

Historial de tus puntuaciones

No has intentado esta prueba.